Fumihiko Maki / (Record no. 353039)
[ view plain ]
| 000 -LEADER | |
|---|---|
| fixed length control field | 01415 a2200253 4500 |
| 003 - CONTROL NUMBER IDENTIFIER | |
| control field | OSt |
| 005 - DATE AND TIME OF LATEST TRANSACTION | |
| control field | 20180116192354.0 |
| 008 - FIXED-LENGTH DATA ELEMENTS--GENERAL INFORMATION | |
| fixed length control field | 120601t xxu||||| |||| 00| 0 eng d |
| 020 ## - INTERNATIONAL STANDARD BOOK NUMBER | |
| International Standard Book Number | 9780714849560 |
| 020 ## - INTERNATIONAL STANDARD BOOK NUMBER | |
| International Standard Book Number | 0714849561 |
| 040 ## - CATALOGING SOURCE | |
| Transcribing agency | 0 |
| 082 ## - DEWEY DECIMAL CLASSIFICATION NUMBER | |
| Classification number | 720.9 |
| 100 ## - MAIN ENTRY--PERSONAL NAME | |
| Personal name | Maki, Fumihiko |
| 9 (RLIN) | 3294 |
| 245 10 - TITLE STATEMENT | |
| Title | Fumihiko Maki / |
| Statement of responsibility, etc. | Maki ,Fumihiko |
| 260 ## - PUBLICATION, DISTRIBUTION, ETC. | |
| Place of publication, distribution, etc. | London ; |
| -- | New York : |
| Name of publisher, distributor, etc. | Phaidon, |
| Date of publication, distribution, etc. | Lon2009. |
| 300 ## - PHYSICAL DESCRIPTION | |
| Extent | 319 p. : |
| Other physical details | 319 ill. (chiefly col.) ; |
| Dimensions | 319 p. : |b ill.30 cm. |
| 500 ## - GENERAL NOTE | |
| General note | |a First buildings: Toyoda Memorial Hall ; Steinberg Hall -- Collective form: Rissho University Central Building ; Osaka Prefectural Sports Centre ; National Aquarium, Okinawa -- Construction of scenery: Kato Gakuen Elementary School -- A building in a rural setting: Iwasaki Art Museum -- Art / Performance: Spiral ; National Museum of Modern Art,Kyoto ; Tepia ; Center for the Arts Yerba Buena Gardens ; Kirishima International Concert Hall ; Floating Pavilion ; Salzburg Congress Centre ; Toyama International Conference Centre -- Gymnasium / Exhibition / Office: Fujisawa Muni |
| 600 10 - SUBJECT ADDED ENTRY--PERSONAL NAME | |
| Personal name | Maki, Fumihiko, |
| Dates associated with a name | 1928- |
| 9 (RLIN) | 3295 |
| 650 10 - SUBJECT ADDED ENTRY--TOPICAL TERM | |
| Topical term or geographic name entry element | Architects |
| Geographic subdivision | Japan |
| Chronological subdivision | 20th century. |
| 9 (RLIN) | 3296 |
| 650 10 - SUBJECT ADDED ENTRY--TOPICAL TERM | |
| Topical term or geographic name entry element | Architecture |
| Geographic subdivision | ArchJapan |
| General subdivision | ArHistory |
| Chronological subdivision | 20th century. |
| 9 (RLIN) | 3297 |
| 650 10 - SUBJECT ADDED ENTRY--TOPICAL TERM | |
| Topical term or geographic name entry element | Architecture |
| Geographic subdivision | ArchiJapan |
| Chronological subdivision | 21st century. |
| 9 (RLIN) | 3298 |
| 942 ## - ADDED ENTRY ELEMENTS (KOHA) | |
| Institution code [OBSOLETE] | SADA |
| Koha item type | Book |
| Call number prefix | 720.9 MAK 2009 |
| Source of classification or shelving scheme | |
| Withdrawn status | Lost status | Source of classification or shelving scheme | Damaged status | Not for loan | Permanent Location | Current Location | Date acquired | Total Checkouts | Full call number | Barcode | Date last seen | Date last checked out | Cost, replacement price | Price effective from | Koha item type |
|---|---|---|---|---|---|---|---|---|---|---|---|---|---|---|---|
| School of Art Design and Architecture (SADA) | School of Art Design and Architecture (SADA) | 04/19/2011 | 10 | 720.9 MAK 2009 | SADA0000953 | 05/20/2016 | 04/22/2016 | 6499.00 | 08/05/2011 | Book |
